[Event "HUN-chT2 Erkel 1819"]
[Site "Hungary"]
[Date "2019.03.10"]
[Round "7.7"]
[White "Palla, Akos Botond"]
[Black "Banhazi, Istvan"]
[Result "1-0"]
[WhiteElo "1976"]
[BlackElo "2024"]
[PlyCount "107"]
[EventDate "2018.10.28"]
[EventType "team-tourn"]
[EventRounds "9"]
[EventCountry "HUN"]
[SourceTitle "EXT 2021"]
[Source "ChessBase"]
[SourceDate "2020.10.23"]
[SourceVersion "1"]
[SourceVersionDate "2020.10.23"]
[SourceQuality "1"]
[WhiteTeam "Sarkany DSE"]
[BlackTeam "Varosgazda Akademia"]
[WhiteTeamCountry "HUN"]
[BlackTeamCountry "HUN"]

1. e4 c5 2. Nf3 d6 3. d4 cxd4 4. Nxd4 Nf6 5. Nc3 a6 6. Bg5 Nbd7 7. f4 b5 8. Bxf6 Nxf6 9. Qf3 Bb7 10. 0-0-0 e6 11. Bd3 Be7 12. g4 Qb6 13. g5 Nd7 14. Nce2 0-0-0 15. h4 g6 16. c3 Nc5 17. Bc2 f5 18. gxf6 Bxf6 19. Qg4 Rhe8 20. Ng3 Kb8 21. Rhe1 e5 22. fxe5 Bxe5 23. Nge2 Bc8 24. Qg1 Bf6 25. Qf2 Rf8 26. Kb1 Bg4 27. Qg2 h5 28. e5 Bxe5 29. Nc6+ Kc7 30. Nxd8 Rxd8 31. Bxg6 Rf8 32. Rf1 Bf6 33. Nf4 Qc6 34. Nd5+ Kb8 35. Rd2 Bg7 36. Rxf8+ Bxf8 37. Qf1 Bh6 38. Rd4 Ne6 39. Nb4 Qb6 40. Re4 Qb7 41. Qf6 Bg7 42. Qf2 Nc5 43. Re8+ Kc7 44. Qf7+ Bd7 45. Nd5+ Kc6 46. Re7 b4 47. Qxg7 Qb5 48. Nxb4+ Kb6 49. Bd3 Bf5 50. Nd5+ Ka5 51. b4+ Ka4 52. Bxf5 Qf1+ 53. Kb2 Qf2+ 54. Bc2+ 1-0

[Event "HUN-chT2 Erkel 1718"]
[Site "Hungary"]
[Date "2018.05.06"]
[Round "11.7"]
[White "Banhazi, Istvan"]
[Black "Klenoczky, Sandor"]
[Result "0-1"]
[WhiteElo "2067"]
[BlackElo "1851"]
[PlyCount "62"]
[EventDate "2017.09.24"]
[EventType "team-tourn"]
[EventRounds "11"]
[EventCountry "HUN"]
[SourceTitle "EXT 2021"]
[Source "ChessBase"]
[SourceDate "2020.10.23"]
[SourceVersion "1"]
[SourceVersionDate "2020.10.23"]
[SourceQuality "1"]
[WhiteTeam "Budapest MAFC"]
[BlackTeam "Salgotarjan"]
[WhiteTeamCountry "HUN"]
[BlackTeamCountry "HUN"]

1. d4 d5 2. c4 e6 3. Nc3 Nf6 4. Nf3 Be7 5. Bf4 0-0 6. h3 c5 7. e3 Nc6 8. Be2 b6 9. 0-0 Bb7 10. b3 Ne4 11. Rc1 Bf6 12. cxd5 Nxc3 13. Rxc3 exd5 14. Rc1 cxd4 15. exd4 Rc8 16. a3 Re8 17. b4 g6 18. Qd2 Re4 19. Bd3 Re6 20. b5 Nxd4 21. Nxd4 Bxd4 22. Bg5 Qd7 23. Be2 Bc5 24. Bg4 f5 25. Be2 Rce8 26. Bd3 Qg7 27. g4 fxg4 28. hxg4 Qd4 29. Qd1 Rf8 30. Be3 Rxe3 31. fxe3 Qxe3+ 0-1

[Event "HUN-chT2 Erkel 1718"]
[Site "Hungary"]
[Date "2018.03.25"]
[Round "10.7"]
[White "Balazs, Csaba"]
[Black "Banhazi, Istvan"]
[Result "0-1"]
[WhiteElo "1837"]
[BlackElo "2067"]
[PlyCount "74"]
[EventDate "2017.09.24"]
[EventType "team-tourn"]
[EventRounds "11"]
[EventCountry "HUN"]
[SourceTitle "EXT 2021"]
[Source "ChessBase"]
[SourceDate "2020.10.23"]
[SourceVersion "1"]
[SourceVersionDate "2020.10.23"]
[SourceQuality "1"]
[WhiteTeam "Andornaktalya"]
[BlackTeam "Budapest MAFC"]
[WhiteTeamCountry "HUN"]
[BlackTeamCountry "HUN"]

1. d4 Nf6 2. c4 e6 3. Nc3 c5 4. d5 exd5 5. Nxd5 Nxd5 6. cxd5 d6 7. e4 g6 8. Bd2 Bg7 9. Qc2 0-0 10. Be2 Re8 11. Nf3 Nd7 12. 0-0 Nf6 13. Bd3 Bg4 14. Ne1 Rc8 15. f3 Bd7 16. a4 c4 17. Be2 Nxd5 18. Rc1 c3 19. bxc3 Nxc3 20. Qd3 Nxe2+ 21. Qxe2 Rxc1 22. Bxc1 Bxa4 23. Be3 a6 24. Qd2 Bc6 25. Nc2 d5 26. Rd1 Ba4 27. Qc1 Qc7 28. Rd2 d4 29. Qa3 Bxc2 30. Bf2 d3 31. Be3 a5 32. Qc1 Qc3 33. h4 a4 34. h5 a3 35. hxg6 hxg6 36. Rf2 a2 37. Bd2 a1Q 0-1

[Event "HUN-chT2 Erkel 1718"]
[Site "Hungary"]
[Date "2018.02.18"]
[Round "8.7"]
[White "Slezak, Robert"]
[Black "Banhazi, Istvan"]
[Result "1/2-1/2"]
[WhiteElo "2033"]
[BlackElo "2067"]
[PlyCount "45"]
[EventDate "2017.09.24"]
[EventType "team-tourn"]
[EventRounds "11"]
[EventCountry "HUN"]
[SourceTitle "EXT 2021"]
[Source "ChessBase"]
[SourceDate "2020.10.23"]
[SourceVersion "1"]
[SourceVersionDate "2020.10.23"]
[SourceQuality "1"]
[WhiteTeam "Fot"]
[BlackTeam "Budapest MAFC"]
[WhiteTeamCountry "HUN"]
[BlackTeamCountry "HUN"]

1. e4 c5 2. Nf3 d6 3. d4 cxd4 4. Nxd4 Nf6 5. Nc3 a6 6. f3 e5 7. Nb3 Be6 8. Be3 Be7 9. Qd2 b5 10. g4 Nbd7 11. g5 Nh5 12. 0-0-0 Nb6 13. Kb1 0-0 14. h4 Nc4 15. Bxc4 Bxc4 16. Nd5 Bxd5 17. Qxd5 Qc7 18. Qd2 Rfc8 19. Rh2 a5 20. Nc1 b4 21. f4 Qc4 22. fxe5 Qxe4 23. exd6 1/2-1/2

[Event "HUN-chT2 Erkel 1718"]
[Site "Hungary"]
[Date "2017.10.29"]
[Round "3.8"]
[White "Teglas, Matyas"]
[Black "Banhazi, Istvan"]
[Result "1/2-1/2"]
[WhiteElo "1917"]
[BlackElo "2067"]
[PlyCount "150"]
[EventDate "2017.09.24"]
[EventType "team-tourn"]
[EventRounds "11"]
[EventCountry "HUN"]
[SourceTitle "EXT 2021"]
[Source "ChessBase"]
[SourceDate "2020.10.23"]
[SourceVersion "1"]
[SourceVersionDate "2020.10.23"]
[SourceQuality "1"]
[WhiteTeam "Szada GSBE"]
[BlackTeam "Budapest MAFC"]
[WhiteTeamCountry "HUN"]
[BlackTeamCountry "HUN"]

1. d4 Nf6 2. Nf3 c5 3. c4 Nc6 4. Nc3 d6 5. dxc5 dxc5 6. Qxd8+ Kxd8 7. Bf4 Bf5 8. 0-0-0+ Kc8 9. h3 Ne4 10. Nxe4 Bxe4 11. e3 f6 12. b3 e5 13. Bh2 Be7 14. Be2 a5 15. Kb2 a4 16. Nd2 a3+ 17. Ka1 Bg6 18. Bf3 Nb4 19. Be4 Rd8 20. Bxg6 hxg6 21. Ne4 f5 22. Rxd8+ Kxd8 23. Rd1+ Ke8 24. Nd6+ Bxd6 25. Rxd6 Nc6 26. Bxe5 Nxe5 27. Re6+ Kf7 28. Rxe5 b6 29. Rd5 Ke6 30. Kb1 Rf8 31. Kc2 f4 32. e4 Rh8 33. Kd3 f3 34. gxf3 Rxh3 35. Ke3 Rh1 36. f4 Re1+ 37. Kf3 Rb1 38. Ke3 Re1+ 39. Kd3 Ra1 40. e5 Ke7 41. Rd6 Rd1+ 42. Kc3 Ra1 43. Rxg6 Rxa2 44. Rxg7+ Kf8 45. Ra7 Rxf2 46. Rxa3 Rf3+ 47. Kd2 Rxf4 48. Ke3 Rh4 49. Kd3 Ke7 50. Ra6 Rh3+ 51. Kc2 Re3 52. Rxb6 Rxe5 53. Kb2 Kd7 54. Ka3 Kc7 55. Rh6 Re3 56. Ka4 Rc3 57. Kb5 Rxb3+ 58. Kxc5 Rc3 59. Rh7+ Kc8 60. Kd5 Rg3 61. c5 Rg6 62. Kc4 Rf6 63. Kb5 Rg6 64. Ra7 Kb8 65. Rd7 Kc8 66. Re7 Rh6 67. Kc4 Rg6 68. Kd5 Rh6 69. Ra7 Rg6 70. Kc4 Rh6 71. Kb5 Rg6 72. c6 Rg1 73. Rf7 Rb1+ 74. Kc5 Rc1+ 75. Kd6 Rd1+ 1/2-1/2

[Event "HUN-chT2 Erkel 1617"]
[Site "Hungary"]
[Date "2017.04.09"]
[Round "11.7"]
[White "Banhazi, Istvan"]
[Black "Karacsonyi, Gellert"]
[Result "1/2-1/2"]
[WhiteElo "2036"]
[BlackElo "1978"]
[PlyCount "114"]
[EventDate "2016.09.25"]
[EventType "team-tourn"]
[EventRounds "11"]
[EventCountry "HUN"]
[SourceTitle "EXT 2021"]
[Source "ChessBase"]
[SourceDate "2020.10.23"]
[SourceVersion "1"]
[SourceVersionDate "2020.10.23"]
[SourceQuality "1"]
[WhiteTeam "Budapest MAFC"]
[BlackTeam "Budapest Kobanya II"]
[WhiteTeamCountry "HUN"]
[BlackTeamCountry "HUN"]

1. d4 Nf6 2. c4 e6 3. Nf3 d5 4. e3 Nbd7 5. Nc3 Be7 6. Bd3 dxc4 7. Bxc4 a6 8. e4 b5 9. Bd3 c5 10. e5 Nd5 11. Nxd5 exd5 12. Qe2 Nf8 13. 0-0 Bg4 14. h3 Bh5 15. dxc5 Bxc5 16. a4 Bxf3 17. gxf3 Qh4 18. Kg2 bxa4 19. Bxa6 Ne6 20. Qb5+ Kf8 21. Rxa4 Qh5 22. Qc6 Rd8 23. Bc8 Qg6+ 24. Kh2 Be7 25. Rd1 Nd4 26. Qxg6 Nxf3+ 27. Kg3 hxg6 28. Kxf3 Rxc8 29. Rxd5 Rxh3+ 30. Kg2 Rh5 31. Bd2 f6 32. Bc3 Rg5+ 33. Kf1 fxe5 34. Rxe5 Rxc3 35. Ra8+ Kf7 36. Rxe7+ Kxe7 37. Ra7+ Kf6 38. bxc3 Rc5 39. Ra3 Ke5 40. Ke2 g5 41. Kf3 Kf5 42. Kg3 g4 43. Rb3 g5 44. Ra3 Rc4 45. Ra5+ Kg6 46. Ra6+ Kh5 47. Ra3 Rf4 48. Kg2 Rf3 49. Rb3 Rd3 50. Ra3 Kh4 51. Ra8 g3 52. Rh8+ Kg4 53. Rh3 Rxc3 54. Rxg3+ Rxg3+ 55. fxg3 Kf5 56. Kf3 g4+ 57. Ke3 Ke5 1/2-1/2

[Event "HUN-chT2 Erkel 1516"]
[Site "Hungary"]
[Date "2016.02.14"]
[Round "7.8"]
[White "Koltanyi, Imre"]
[Black "Banhazi, Istvan"]
[Result "0-1"]
[WhiteElo "1945"]
[BlackElo "2048"]
[PlyCount "105"]
[EventDate "2015.09.13"]
[EventType "team-tourn"]
[EventRounds "11"]
[EventCountry "HUN"]
[SourceTitle "EXT 2017"]
[Source "ChessBase"]
[SourceDate "2016.10.25"]
[SourceVersion "1"]
[SourceVersionDate "2016.10.25"]
[SourceQuality "1"]
[WhiteTeam "Paszto"]
[BlackTeam "MAFC"]
[WhiteTeamCountry "HUN"]
[BlackTeamCountry "HUN"]

1. e4 c5 2. Nf3 d6 3. d4 cxd4 4. Nxd4 Nf6 5. Nc3 a6 6. Be3 e5 7. Nb3 Be6 8. f3 Be7 9. Qd2 Nbd7 10. 0-0-0 Nb6 11. g4 Nc4 12. Bxc4 Bxc4 13. g5 Nh5 14. Nd5 Bxd5 15. Qxd5 0-0 16. Rhg1 Qc7 17. Rd3 Rac8 18. Rc3 Qd7 19. Rxc8 Rxc8 20. Rd1 Qc7 21. c3 b5 22. Kb1 g6 23. Nc1 Qc6 24. Ne2 Qc4 25. Qxc4 Rxc4 26. b3 Rc6 27. Kc2 f5 28. h4 Rc8 29. Rd5 Ng7 30. b4 Ne6 31. Bb6 h6 32. gxh6 Rc6 33. Bf2 Kh7 34. h5 f4 35. hxg6+ Kxg6 36. Rd1 Kxh6 37. Rh1+ Kg6 38. Bh4 Bxh4 39. Rxh4 Nd4+ 40. Nxd4 exd4 41. Rxf4 Rxc3+ 42. Kb2 Rc4 43. a3 d3 44. Rg4+ Kf6 45. Rg2 Ke5 46. Rg5+ Kf4 47. Rd5 Ke3 48. Rxd6 d2 49. e5 Ke2 50. e6 d1Q 51. Rxd1 Kxd1 52. e7 Rc8 53. f4 0-1

[Event "HUN-chT2 Erkel 1516"]
[Site "Hungary"]
[Date "2015.10.18"]
[Round "3.7"]
[White "Czajner, Gabor"]
[Black "Banhazi, Istvan"]
[Result "1/2-1/2"]
[WhiteElo "1822"]
[BlackElo "2048"]
[PlyCount "50"]
[EventDate "2015.09.13"]
[EventType "team-tourn"]
[EventRounds "11"]
[EventCountry "HUN"]
[SourceTitle "CBM 170 Extra"]
[Source "ChessBase"]
[SourceDate "2016.02.25"]
[SourceVersion "1"]
[SourceVersionDate "2016.02.25"]
[SourceQuality "1"]
[WhiteTeam "Andornaktalya"]
[BlackTeam "MAFC"]
[WhiteTeamCountry "HUN"]
[BlackTeamCountry "HUN"]

1. d4 Nf6 2. Nf3 c5 3. c3 b6 4. Bf4 Bb7 5. h3 d6 6. e3 g6 7. Nbd2 Bg7 8. Be2 0-0 9. 0-0 Nbd7 10. Qb3 Qe8 11. Bb5 a6 12. Be2 e5 13. Bh2 e4 14. Ne1 cxd4 15. cxd4 Qe7 16. Qa3 Ne8 17. Nc4 b5 18. Nxd6 Bd5 19. Nxb5 Qg5 20. Nc3 Bb7 21. Qb3 Ra7 22. Rc1 Bxd4 23. Bf4 Qf6 24. Qd1 Bxc3 25. Rxc3 Nb6 1/2-1/2

[Event "HUN-chT2 Erkel 1314"]
[Site "Hungary"]
[Date "2013.11.17"]
[Round "5.7"]
[White "Banhazi, Istvan"]
[Black "Markos, Adam"]
[Result "1/2-1/2"]
[WhiteElo "2063"]
[BlackElo "2065"]
[PlyCount "37"]
[EventDate "2013.09.08"]
[EventType "team-tourn"]
[EventRounds "11"]
[EventCountry "HUN"]
[SourceTitle "EXT 2016"]
[Source "ChessBase"]
[SourceDate "2015.10.08"]
[SourceVersion "1"]
[SourceVersionDate "2015.10.08"]
[SourceQuality "1"]
[WhiteTeam "Budapest MAFC"]
[BlackTeam "Dunaharaszti II"]
[WhiteTeamCountry "HUN"]
[BlackTeamCountry "HUN"]

1. d4 d5 2. c4 c6 3. Nc3 Nf6 4. Nf3 a6 5. e3 b5 6. cxd5 cxd5 7. g3 Bf5 8. Bg2 h6 9. Ne5 e6 10. 0-0 Bd6 11. Qe2 Nbd7 12. Nxd7 Qxd7 13. f3 b4 14. e4 dxe4 15. Nxe4 Be7 16. Be3 Nd5 17. Bf2 0-0 18. Rfd1 a5 19. Nc5 1/2-1/2

[Event "HUN-chT2 Erkel 1314"]
[Site "Hungary"]
[Date "2013.10.20"]
[Round "3.8"]
[White "Torok, Tamas Titusz"]
[Black "Banhazi, Istvan"]
[Result "1/2-1/2"]
[WhiteElo "2085"]
[BlackElo "2063"]
[PlyCount "24"]
[EventDate "2013.09.08"]
[EventType "team-tourn"]
[EventRounds "11"]
[EventCountry "HUN"]
[SourceTitle "EXT 2016"]
[Source "ChessBase"]
[SourceDate "2015.10.08"]
[SourceVersion "1"]
[SourceVersionDate "2015.10.08"]
[SourceQuality "1"]
[WhiteTeam "Pestszentlorinc"]
[BlackTeam "Budapest MAFC"]
[WhiteTeamCountry "HUN"]
[BlackTeamCountry "HUN"]

1. e4 c5 2. c3 d5 3. exd5 Qxd5 4. Na3 e5 5. Qb3 Be6 6. Qxd5 Bxd5 7. Nb5 Na6 8. Nf3 e4 9. Ne5 Nf6 10. Nc4 Bxc4 11. Bxc4 Be7 12. 0-0 0-0 1/2-1/2

[Event "HUN-chT2 Erkel 1213"]
[Site "Hungary"]
[Date "2012.10.07"]
[Round "2.6"]
[White "Banhazi, Istvan"]
[Black "Gulyas, Attila"]
[Result "0-1"]
[WhiteElo "2062"]
[BlackElo "2040"]
[PlyCount "130"]
[EventDate "2012.09.16"]
[EventType "team-tourn"]
[EventRounds "11"]
[EventCountry "HUN"]
[SourceTitle "EXT 2014"]
[Source "ChessBase"]
[SourceDate "2013.11.20"]
[SourceVersion "1"]
[SourceVersionDate "2013.11.20"]
[SourceQuality "1"]
[WhiteTeam "Barcza"]
[BlackTeam "Nagykata"]
[WhiteTeamCountry "HUN"]
[BlackTeamCountry "HUN"]

1. d4 Nf6 2. c4 g6 3. Nc3 d5 4. cxd5 Nxd5 5. Bd2 Bg7 6. e4 Nb6 7. Be3 Nc6 8. d5 Ne5 9. Bd4 f6 10. f4 Nf7 11. Nf3 0-0 12. Qb3 Qd6 13. Be3 e6 14. Bc4 exd5 15. Bxd5 c6 16. Bxf7+ Rxf7 17. Rd1 Qe7 18. 0-0 Be6 19. Qc2 Nc4 20. Bf2 Re8 21. h3 Bh6 22. b3 Nb6 23. Nd4 Bc8 24. Bg3 Nd7 25. Rfe1 Nc5 26. Kh1 Ne6 27. Nde2 Nc5 28. Nd4 Qc7 29. Qf2 Qa5 30. Qf3 Rfe7 31. Re2 Ne6 32. Nxe6 Bxe6 33. Be1 Qc7 34. f5 gxf5 35. exf5 Bc8 36. Bg3 Qa5 37. Rxe7 Rxe7 38. Ne4 Bg7 39. Qg4 Kh8 40. Nd6 Bd7 41. Nxb7 Qc3 42. Nd6 c5 43. Qc4 Qxc4 44. bxc4 Kg8 45. Re1 Bf8 46. Ne4 Bxf5 47. Nxf6+ Kf7 48. Rxe7+ Bxe7 49. Nd5 Bf8 50. Bf2 Bd3 51. Nc3 Bg7 52. Nb5 Bf8 53. Nxa7 Bxc4 54. a4 Ke6 55. Nb5 Ke5 56. Nc3 Ba6 57. Kg1 c4 58. Ne2 Ke4 59. Nc3+ Kd3 60. Nd5 Bd6 61. Be1 Bc5+ 62. Kh2 Bb7 63. Nb4+ Ke2 64. Bc3 Kf2 65. a5 Bd6+ 0-1

[Event "HUN-chT2 Erkel 1112"]
[Site "Hungary"]
[Date "2012.05.06"]
[Round "10.6"]
[White "Banhazi, Istvan"]
[Black "Kiss, Pal Vac"]
[Result "1-0"]
[WhiteElo "2095"]
[BlackElo "2019"]
[PlyCount "73"]
[EventDate "2011.09.25"]
[EventType "team-tourn"]
[EventRounds "11"]
[EventCountry "HUN"]
[SourceTitle "EXT 2013"]
[Source "ChessBase"]
[SourceDate "2012.11.22"]
[SourceVersion "1"]
[SourceVersionDate "2012.11.22"]
[SourceQuality "1"]
[WhiteTeam "MAFC"]
[BlackTeam "Vaci"]
[WhiteTeamCountry "HUN"]
[BlackTeamCountry "HUN"]

1. d4 d5 2. c4 c6 3. Nc3 dxc4 4. a4 Nf6 5. e4 e6 6. Bg5 Be7 7. Nf3 h6 8. Bxf6 Bxf6 9. e5 Be7 10. Bxc4 a5 11. 0-0 Na6 12. Qe2 Nb4 13. Qe4 b6 14. Rfd1 Ra7 15. Qg4 Kf8 16. Ne4 Nd5 17. h4 Rd7 18. h5 Bb7 19. Rd2 Bb4 20. Rd3 Be7 21. Ne1 Bg5 22. Rg3 Rg8 23. Nd3 Bh4 24. Rf3 Ke8 25. Nd6+ Rxd6 26. exd6 Bg5 27. Bxd5 cxd5 28. Qg3 g6 29. Ne5 Bf6 30. hxg6 fxg6 31. Nxg6 Bxd4 32. Qg4 Rxg6 33. Qxg6+ Kd7 34. Qf7+ Kc6 35. Rc1+ Bc5 36. Qxe6 Qxd6 37. Qe8+ 1-0

[Event "HUN-chT2 Erkel 1112"]
[Site "Hungary"]
[Date "2012.03.25"]
[Round "8.6"]
[White "Banhazi, Istvan"]
[Black "Gubics, Peter"]
[Result "1/2-1/2"]
[WhiteElo "2095"]
[BlackElo "2215"]
[PlyCount "100"]
[EventDate "2011.09.25"]
[EventType "team-tourn"]
[EventRounds "11"]
[EventCountry "HUN"]
[SourceTitle "EXT 2013"]
[Source "ChessBase"]
[SourceDate "2012.11.22"]
[SourceVersion "1"]
[SourceVersionDate "2012.11.22"]
[SourceQuality "1"]
[WhiteTeam "MAFC"]
[BlackTeam "Foti"]
[WhiteTeamCountry "HUN"]
[BlackTeamCountry "HUN"]

1. d4 Nf6 2. c4 g6 3. Nc3 d5 4. cxd5 Nxd5 5. Bd2 Bg7 6. e4 Nxc3 7. Bxc3 0-0 8. Qd2 c5 9. d5 Bxc3 10. Qxc3 Qd6 11. Rd1 Qf4 12. f3 Nd7 13. Ne2 Qd6 14. f4 f6 15. g3 b5 16. Bg2 b4 17. Qe3 Ba6 18. 0-0 Rac8 19. Bh3 Rc7 20. e5 fxe5 21. Be6+ Kg7 22. Bxd7 Qxd7 23. fxe5 Rxf1+ 24. Rxf1 Bxe2 25. e6 Qxd5 26. Rf7+ Kg8 27. Qxe2 Qg5 28. Qe4 Rc8 29. Kg2 Rd8 30. Rf2 Qd5 31. Qxd5 Rxd5 32. Rf7 Rd2+ 33. Kf3 Rxb2 34. Rxe7 Rxa2 35. Ke4 Re2+ 36. Kd5 b3 37. Rxa7 b2 38. Rb7 Rxh2 39. Kxc5 Rc2+ 40. Kd6 Rd2+ 41. Ke5 Re2+ 42. Kf6 Rf2+ 43. Ke5 h5 44. Rb8+ Kg7 45. e7 Re2+ 46. Kd6 Kf6 47. Rf8+ Kg5 48. Rb8 Kf6 49. Rf8+ Kg5 50. Rb8 Kf6 1/2-1/2

[Event "HUN-chT2 Breyer 0910"]
[Site "Hungary"]
[Date "2010.05.02"]
[Round "11"]
[White "Tessedik, Karoly"]
[Black "Banhazi, Istvan"]
[Result "0-1"]
[WhiteElo "2025"]
[BlackElo "2107"]
[PlyCount "59"]
[EventDate "2009.11.08"]
[EventType "team-tourn"]
[EventRounds "11"]
[EventCountry "HUN"]
[SourceTitle "EXT 2011"]
[Source "ChessBase"]
[SourceDate "2010.11.26"]
[SourceVersion "1"]
[SourceVersionDate "2010.11.26"]
[SourceQuality "1"]
[WhiteTeam "Zsambek"]
[BlackTeam "MAFC"]
[WhiteTeamCountry "HUN"]
[BlackTeamCountry "HUN"]

1. c4 c5 2. Nf3 Nc6 3. Nc3 g6 4. g3 Bg7 5. Bg2 e5 6. d3 Nge7 7. h4 h6 8. Bd2 d6 9. Qc1 Be6 10. e4 Qd7 11. Nd5 Nd4 12. Nxd4 cxd4 13. b3 Rc8 14. Qa3 b6 15. Rc1 0-0 16. Bxh6 Bxd5 17. Bxg7 Bxc4 18. dxc4 Kxg7 19. Bh3 f5 20. 0-0 Rc7 21. f4 Qc6 22. fxe5 dxe5 23. exf5 gxf5 24. Bg2 Qg6 25. b4 Kh7 26. Rce1 Rg8 27. Rxe5 Qxg3 28. Qxg3 Rxg3 29. Rfe1 Ng6 30. Rxf5 0-1

[Event "HUN-chT2 Breyer 0910"]
[Site "Hungary"]
[Date "2010.03.21"]
[Round "8"]
[White "Banhazi, Istvan"]
[Black "Ikanov, Imre"]
[Result "1/2-1/2"]
[WhiteElo "2107"]
[BlackElo "2075"]
[PlyCount "62"]
[EventDate "2009.11.08"]
[EventType "team-tourn"]
[EventRounds "11"]
[EventCountry "HUN"]
[SourceTitle "EXT 2011"]
[Source "ChessBase"]
[SourceDate "2010.11.26"]
[SourceVersion "1"]
[SourceVersionDate "2010.11.26"]
[SourceQuality "1"]
[WhiteTeam "MAFC"]
[BlackTeam "Zoltek"]
[WhiteTeamCountry "HUN"]
[BlackTeamCountry "HUN"]

1. d4 e6 2. Nf3 f5 3. g3 Nf6 4. Bg2 d5 5. 0-0 Bd6 6. c4 c6 7. b3 0-0 8. Ba3 Qe7 9. Qc1 Nbd7 10. Ne5 Ne4 11. Nd3 Bxa3 12. Nxa3 Qf6 13. Nc2 g5 14. f3 Nd6 15. e4 dxc4 16. e5 Qg7 17. Nb2 cxb3 18. axb3 Nb5 19. Nc4 Rb8 20. Qb2 c5 21. dxc5 Nxc5 22. Rfd1 b6 23. b4 Nd7 24. Rd2 Bb7 25. Rad1 Rf7 26. Nd4 Nxd4 27. Rxd4 Bd5 28. f4 Bxg2 29. Qxg2 gxf4 30. gxf4 Qxg2+ 31. Kxg2 Nf8 1/2-1/2

[Event "HUN-chT2 Breyer 0910"]
[Site "Hungary"]
[Date "2009.12.20"]
[Round "4"]
[White "Bokros, Norbert"]
[Black "Banhazi, Istvan"]
[Result "1-0"]
[WhiteElo "1938"]
[BlackElo "2107"]
[PlyCount "135"]
[EventDate "2009.11.08"]
[EventType "team-tourn"]
[EventRounds "11"]
[EventCountry "HUN"]
[SourceTitle "EXT 2011"]
[Source "ChessBase"]
[SourceDate "2010.11.26"]
[SourceVersion "1"]
[SourceVersionDate "2010.11.26"]
[SourceQuality "1"]
[WhiteTeam "Turul"]
[BlackTeam "MAFC"]
[WhiteTeamCountry "HUN"]
[BlackTeamCountry "HUN"]

1. e4 c5 2. Nf3 d6 3. d4 cxd4 4. Qxd4 Bd7 5. c4 Nc6 6. Qd3 g6 7. Nc3 Bg7 8. Be2 Bg4 9. Bf4 Nf6 10. h3 Bxf3 11. Bxf3 Nd7 12. Qd2 Nd4 13. Bg4 Ne5 14. Bxe5 Bxe5 15. 0-0 0-0 16. Ne2 Nxe2+ 17. Qxe2 Qa5 18. Rfd1 Rab8 19. Rd5 Qc7 20. Rc1 e6 21. Rdd1 Rfc8 22. g3 b5 23. b3 Qc5 24. Kg2 b4 25. Qd2 Rb6 26. f4 Bg7 27. Qf2 Qxf2+ 28. Kxf2 Ra6 29. Rc2 Bc3 30. f5 h5 31. Bf3 Ra3 32. fxg6 fxg6 33. Rxd6 Kf7 34. Ke3 Be5 35. Rd7+ Ke8 36. Rb7 Bxg3 37. Rxb4 Rd8 38. c5 Bc7 39. Rb7 Rd7 40. e5 Rf7 41. Be4 Kd8 42. Bxg6 Rg7 43. Bxh5 Rg3+ 44. Kf4 Rxh3 45. Bg4 Rh7 46. c6 Ra5 47. Bxe6 Bxe5+ 48. Ke4 Rxb7 49. cxb7 Bc7 50. Bd5 Rb5 51. Kd4 Bb6+ 52. Ke5 Bc7+ 53. Ke6 Rb4 54. a3 Rh4 55. Bc6 Rh6+ 56. Kf7 Rd6 57. b4 Rd4 58. a4 Bf4 59. Be8 Bc7 60. Bc6 Bd6 61. Bb5 Bc7 62. Rg2 Rf4+ 63. Ke6 Re4+ 64. Kd5 Re5+ 65. Kd4 Rxb5 66. axb5 Bb6+ 67. Kd5 Kc7 68. Rg7+ 1-0